[Event "4NCL Division Three West"]
[Site "Daventry, ENG"]
[Date "2023.01.15"]
[Round "4.35"]
[White "Homer, Neil S"]
[Black "Homer, Stephen J"]
[Result "0-1"]
[WhiteElo "1568"]
[BlackElo "2034"]
[PlyCount "77"]
[EventDate "2023.01.15"]
[WhiteTeam "Brown Jack"]
[BlackTeam "West is Best 2"]

1. e4 c5 2. Nc3 Nc6 3. Bb5 Nd4 4. Nf3 a6 5. Bd3 Nc6 6. O-O d6 7. h3 Nf6 8. Bc4
b5 9. Bd5 Bb7 10. Bxc6+ Bxc6 11. d3 e5 12. Bg5 Be7 13. Nd2 O-O 14. f4 exf4 15.
Bxf4 Re8 16. Nf3 Bf8 17. Bg5 h6 18. Bxf6 Qxf6 19. Rb1 Qe7 20. Qe1 b4 21. Ne2 f5
22. Nh4 fxe4 23. Ng6 Qg5 24. Rxf8+ Rxf8 25. Qg3 Qxg3 26. Nxg3 Rf7 27. Nxe4 Kh7
28. Nh4 Bxe4 29. dxe4 Rf4 30. Nf3 Rxe4 31. Rd1 Re2 32. Rc1 Rb8 33. Kf1 Re6 34.
Rd1 Rb5 35. Rd2 Ra5 36. c3 Rxa2 37. cxb4 cxb4 38. Nd4 Re4 39. Nf3 0-1

[Event "4NCL Division Three West"]
[Site "Daventry, ENG"]
[Date "2023.01.15"]
[Round "4.36"]
[White "Turner, Lewis A"]
[Black "Fernando, Manel"]
[Result "1-0"]
[WhiteElo "2040"]
[BlackElo "1483"]
[PlyCount "39"]
[EventDate "2023.01.15"]
[WhiteTeam "West is Best 2"]
[BlackTeam "Brown Jack"]

1. e4 e5 2. Nf3 Nf6 3. d4 exd4 4. e5 Ne4 5. Qxd4 d5 6. exd6 Nxd6 7. Nc3 Nc6 8.
Qf4 Be7 9. Bd2 Be6 10. O-O-O h6 11. h4 Qd7 12. Be3 O-O-O 13. Bb5 a6 14. Ne5 g5
15. Qa4 Nxb5 16. Nxb5 Qe8 17. Nxc6 Rxd1+ 18. Rxd1 Bd6 19. Rxd6 Bd7 20. Nba7#
1-0

[Event "4NCL Division Three West"]
[Site "Daventry, ENG"]
[Date "2023.01.15"]
[Round "4.41"]
[White "Pozimski, Szymon"]
[Black "Finn, Peter"]
[Result "1/2-1/2"]
[WhiteElo "1968"]
[BlackElo "2221"]
[PlyCount "111"]
[EventDate "2023.01.15"]
[WhiteTeam "Oxford 2"]
[BlackTeam "CSC/Kingston 1"]

1. c4 c6 2. Nc3 d5 3. e3 Nf6 4. Nf3 e6 5. b3 Nbd7 6. d4 Bb4 7. Bd2 O-O 8. Bd3
dxc4 9. Bxc4 c5 10. a3 Bxc3 11. Bxc3 Ne4 12. Qc2 Nxc3 13. Qxc3 b6 14. dxc5 Nxc5
15. Rd1 Qe7 16. b4 Ne4 17. Qe5 Bb7 18. Rd4 Nf6 19. O-O Rfd8 20. Rfd1 Bxf3 21.
gxf3 Nd7 22. Qc7 Qg5+ 23. Rg4 Qe7 24. Bb5 Rac8 25. Qxa7 Ra8 26. Qc7 Rac8 27.
Qg3 g6 28. Bxd7 Rxd7 29. Rgd4 Rxd4 30. Rxd4 Rc1+ 31. Kg2 Ra1 32. Qb8+ Kg7 33.
Qxb6 Rxa3 34. Qd6 Qxd6 35. Rxd6 Rb3 36. Rd4 e5 37. Rc4 g5 38. Kf1 Rb2 39. Kg2
Kg6 40. Rc6+ Kg7 41. Rb6 h6 42. b5 Kh7 43. Rb7 Kg7 44. h3 Kg6 45. b6 Kg7 46.
Kf1 Kf6 47. Rb8 Kg7 48. b7 h5 49. h4 gxh4 50. Kg2 Rb1 51. Kh3 Rh1+ 52. Kg2 Rb1
53. Re8 Rxb7 54. Rxe5 Kg6 55. Kh3 Rb2 56. Kxh4 1/2-1/2

[Event "4NCL Division Three West"]
[Site "Daventry, ENG"]
[Date "2023.01.15"]
[Round "4.42"]
[White "Farrand, Tom"]
[Black "Wilson, Edgar"]
[Result "1/2-1/2"]
[WhiteElo "2146"]
[BlackElo "2016"]
[PlyCount "128"]
[EventDate "2023.01.15"]
[WhiteTeam "CSC/Kingston 1"]
[BlackTeam "Oxford 2"]

1. c4 e6 2. g3 d5 3. Bg2 Nf6 4. b3 Be7 5. Nf3 O-O 6. O-O b6 7. Bb2 Bb7 8. d4
Nbd7 9. Nc3 c5 10. cxd5 exd5 11. Rc1 Re8 12. Qc2 Ne4 13. Nxe4 dxe4 14. Ne5 cxd4
15. Nc6 Bxc6 16. Qxc6 Nf6 17. Qa4 d3 18. exd3 Qxd3 19. Rfd1 Qe2 20. Bxf6 Bxf6
21. Re1 b5 22. Rxe2 bxa4 23. bxa4 Bg5 24. Rc5 Bf6 25. Rxe4 Rxe4 26. Bxe4 Re8
27. Kg2 g6 28. Kf3 Kg7 29. Rc7 Re7 30. Rc2 h5 31. h4 Bd4 32. a5 Re5 33. a6 Bb6
34. Rb2 Ra5 35. Bb7 Kf6 36. Ke4 Ke7 37. Rc2 Rc5 38. Rb2 Ra5 {(=)} 39. Kd3 Kd6
40. Kc4 Rc5+ 41. Kd3 Ra5 42. Ke4 Ra3 43. Rd2+ Ke7 44. Kd5 Rf3 45. Re2+ Kf6 46.
Ke4 {(=)} Rxf2 47. Rxf2+ Bxf2 48. Kf3 Be1 49. Bd5 Ke7 50. Bb3 f6 51. Bc4 Kf8
52. Bb3 Kg7 53. Bc4 Kh6 54. Be6 g5 55. hxg5+ fxg5 56. Bd5 Kg6 57. Be4+ Kf6 58.
Bc6 g4+ 59. Kg2 Kg5 60. Bd7 Bb4 61. Bc6 Bd6 62. Bd5 h4 63. gxh4+ Kxh4 64. Be6
Be5 1/2-1/2

[Event "4NCL Division Three West"]
[Site "Daventry, ENG"]
[Date "2023.01.15"]
[Round "4.43"]
[White "Davis, Cameron"]
[Black "Frostick, Clive A"]
[Result "1/2-1/2"]
[WhiteElo "1935"]
[BlackElo "2127"]
[PlyCount "63"]
[EventDate "2023.01.15"]
[WhiteTeam "Oxford 2"]
[BlackTeam "CSC/Kingston 1"]

1. e4 c5 2. Nf3 e6 3. d4 cxd4 4. Nxd4 Nf6 5. Nc3 Nc6 6. Ndb5 Bb4 7. a3 Bxc3+ 8.
Nxc3 d5 9. exd5 exd5 10. Bd3 O-O 11. O-O h6 12. Bd2 Bg4 13. f3 Be6 14. Re1 Re8
15. b4 Rc8 16. Ne2 Ne5 17. Be3 Nxd3 18. Qxd3 Bf5 19. Qxf5 Rxe3 20. Nd4 Rxe1+
21. Rxe1 Rc3 22. Nb3 Qc7 23. Re2 Qc4 24. Kf2 d4 25. Rd2 d3 26. Rxd3 Rxc2+ 27.
Ke3 Qc7 28. Nc5 Qe7+ 29. Ne4 Nxe4 30. Qxe4 Qf6 31. Rd8+ Qxd8 32. Qxc2 1/2-1/2

[Event "4NCL Division Three West"]
[Site "Daventry, ENG"]
[Date "2023.01.15"]
[Round "4.44"]
[White "Foley, John P"]
[Black "Wedge, David C"]
[Result "1-0"]
[WhiteElo "2026"]
[BlackElo "1900"]
[PlyCount "133"]
[EventDate "2023.01.15"]
[WhiteTeam "CSC/Kingston 1"]
[BlackTeam "Oxford 2"]

1. d4 Nf6 2. Nf3 g6 3. Bf4 Bg7 4. Nc3 O-O 5. Qd2 a6 6. Bh6 b5 7. a3 d6 8. h4
Bxh6 9. Qxh6 Ng4 10. Qd2 h5 11. e4 Bb7 12. Bd3 c5 13. d5 Nd7 14. O-O Kg7 15.
Ng5 c4 16. Be2 Ngf6 17. Rad1 Qb6 18. Rfe1 Ne5 19. Bf1 Nh7 20. Nh3 Bc8 21. Nf4
Bg4 22. Rb1 g5 23. hxg5 Nxg5 24. Qe3 Qc7 25. Nxh5+ Bxh5 26. Qxg5+ Bg6 27. Be2
Rh8 28. Qe3 Qd7 29. f3 Rh6 30. Kf2 Rah8 31. Rg1 Rh2 32. Ke1 a5 33. Qd4 f6 34.
Nd1 R2h4 35. Ne3 Kf7 36. Qd2 Qa7 37. Rf1 Bxe4 38. fxe4 Rxe4 39. Nf5 Rh2 40. Ng3
Rd4 41. Qc3 Rxd5 42. Rd1 Rxd1+ 43. Kxd1 Rxg2 44. Nf5 Qa8 45. Qd4 Qc6 46. Bh5+
Kf8 47. Qe3 Rg5 48. Qxg5 fxg5 49. Nd4+ Kg7 50. Nxc6 Nxc6 51. Be8 Nd4 52. Rf7+
Kh6 53. c3 Ne6 54. Rxe7 Nf4 55. Bxb5 d5 56. Bd7 Kg6 57. Bg4 Kf6 58. Re8 Kf7 59.
Ra8 Nd3 60. Kc2 Kf6 61. Rxa5 Ke5 62. Ra8 Kf4 63. Be6 Ke4 64. Rg8 Nf4 65. Bg4
Ng2 66. Bd1 Kf4 67. Kd2 1-0

[Event "4NCL Division Three West"]
[Site "Daventry, ENG"]
[Date "2023.01.15"]
[Round "4.45"]
[White "Gurner, Jem"]
[Black "Rice, Chris B"]
[Result "1/2-1/2"]
[WhiteElo "1840"]
[BlackElo "1978"]
[PlyCount "79"]
[EventDate "2023.01.15"]
[WhiteTeam "Oxford 2"]
[BlackTeam "CSC/Kingston 1"]

1. d4 Nf6 2. c4 g6 3. Nc3 Bg7 4. e4 d6 5. Be2 O-O 6. Be3 Na6 7. Qd2 e5 8. d5 c6
9. O-O-O cxd5 10. cxd5 Ng4 11. Bxg4 Bxg4 12. f3 Bd7 13. g4 f5 14. gxf5 gxf5 15.
Kb1 Kh8 16. Nge2 f4 17. Bf2 Bh3 18. Rhg1 Bf6 19. Nb5 b6 20. Rc1 Qd7 21. Na3
Rac8 22. Rxc8 Rxc8 23. Rc1 Rxc1+ 24. Qxc1 Nc5 25. Qc3 Qa4 26. Nc2 Qb5 27. Nc1
Qf1 28. Bxc5 bxc5 29. Qb3 Qa6 30. Qb8+ Kg7 31. Qc7+ Kg6 32. Qc6 Qb6 33. Na3 Bf1
34. Qe8+ Kg7 35. Qd7+ Kg6 36. Nb3 Bd3+ 37. Kc1 c4 38. Qf5+ Kg7 39. Qd7+ Kg6 40.
Qf5+ 1/2-1/2

[Event "4NCL Division Three West"]
[Site "Daventry, ENG"]
[Date "2023.01.15"]
[Round "4.46"]
[White "Amato, Giampiero"]
[Black "Bush, Ian"]
[Result "1-0"]
[WhiteElo "1940"]
[BlackElo "1929"]
[PlyCount "53"]
[EventDate "2023.01.15"]
[WhiteTeam "CSC/Kingston 1"]
[BlackTeam "Oxford 2"]

1. c4 d6 2. g3 g6 3. Bg2 Bg7 4. Nc3 c5 5. a3 Nc6 6. Rb1 a5 7. Nf3 e6 8. O-O
Nge7 9. d3 O-O 10. Bf4 e5 11. Bg5 f6 12. Be3 Be6 13. Ne1 f5 14. Nc2 f4 15. Bd2
d5 16. cxd5 Nxd5 17. Ne4 Qe7 18. Qe1 a4 19. Rc1 Rac8 20. Qd1 b5 21. Re1 g5 22.
Na1 c4 23. dxc4 bxc4 24. Qxa4 Nf6 25. Nxg5 Bd5 26. Bxd5+ Nxd5 27. Qxc4 1-0

[Event "4NCL Division Three West"]
[Site "Daventry, ENG"]
[Date "2023.01.15"]
[Round "4.51"]
[White "Mossong, Hubert"]
[Black "Chan, Sheng Liang Bernard"]
[Result "0-1"]
[WhiteElo "2061"]
[BlackElo "2138"]
[PlyCount "66"]
[EventDate "2023.01.15"]
[WhiteTeam "Ashfield 1"]
[BlackTeam "Chessable White Rose 3"]

1. e4 c5 2. Nc3 Nc6 3. g3 g6 4. Bg2 Bg7 5. d3 d6 6. Be3 e5 7. Nge2 Nge7 8. Qd2
Nd4 9. O-O O-O 10. Nc1 Bh3 11. f3 Bxg2 12. Kxg2 d5 13. Nd1 Ne6 14. Bh6 Bxh6 15.
Qxh6 f5 16. Nf2 Qb6 17. b3 Nd4 18. Nh3 Rf7 19. Rf2 fxe4 20. dxe4 dxe4 21. fxe4
Rxf2+ 22. Nxf2 Nxc2 23. Rb1 Rf8 24. Rb2 Ne1+ 25. Kf1 Nf3 26. Ncd3 Qd6 27. Kg2
Nc6 28. Qe3 b6 29. Rb1 Qd4 30. Qh6 Nb4 31. Nf4 exf4 32. Rd1 Nd2 33. gxf4 Nc2
0-1

[Event "4NCL Division Three West"]
[Site "Daventry, ENG"]
[Date "2023.01.15"]
[Round "4.52"]
[White "Walton, Alan J"]
[Black "Mercs, Peter J"]
[Result "1-0"]
[WhiteElo "2082"]
[BlackElo "2069"]
[PlyCount "51"]
[EventDate "2023.01.15"]
[WhiteTeam "Chessable White Rose 3"]
[BlackTeam "Ashfield 1"]

1. d4 Nf6 2. Bg5 e6 3. e4 h6 4. Bxf6 Qxf6 5. c3 g6 6. Bd3 Bg7 7. Ne2 d6 8. O-O
Qe7 9. Nd2 Nd7 10. Qc2 Nf6 11. Rae1 Bd7 12. b4 O-O-O 13. c4 h5 14. b5 Bh6 15.
Nb3 e5 16. c5 dxc5 17. dxc5 Bg4 18. Nc3 h4 19. Nd5 Nxd5 20. exd5 h3 21. g3 Rxd5
22. Be4 Bf5 23. Bxf5+ gxf5 24. Qxf5+ Qd7 25. Qf6 Bf4 26. Qxh8+ 1-0

[Event "4NCL Division Three West"]
[Site "Daventry, ENG"]
[Date "2023.01.15"]
[Round "4.53"]
[White "Naylor, Michael A"]
[Black "Burnett, Jim"]
[Result "1/2-1/2"]
[WhiteElo "1974"]
[BlackElo "2047"]
[PlyCount "130"]
[EventDate "2023.01.15"]
[WhiteTeam "Ashfield 1"]
[BlackTeam "Chessable White Rose 3"]

1. e4 d5 2. exd5 Qxd5 3. Nc3 Qd6 4. Nf3 Nf6 5. d4 c6 6. g3 Bg4 7. Bg2 e6 8. O-O
Be7 9. a3 O-O 10. Bf4 Qd8 11. Qd2 Nbd7 12. Rfe1 Nd5 13. Ne4 N7f6 14. Nc5 Nxf4
15. Qxf4 Qb8 16. Ne5 Bxc5 17. dxc5 Bf5 18. Rac1 h6 19. h3 Nd5 20. Qf3 Qc7 21.
c4 Nf6 22. Qe3 Rad8 23. b4 Nd7 24. Nf3 e5 25. g4 Bh7 26. Nd2 Rfe8 27. Nf1 Nf8
28. Rcd1 f6 29. f4 Bg6 30. f5 Bf7 31. Qe4 Rd4 32. Qb1 Rxd1 33. Rxd1 Bxc4 34.
Ng3 Rb8 35. Rd6 Rd8 36. Ne4 Bd5 37. Qd1 Rxd6 38. Nxd6 Bxg2 39. Kxg2 b6 40. Qb3+
Kh7 41. Kf3 Qe7 42. Qc3 b5 43. Ke4 g6 44. Qb3 gxf5+ 45. Nxf5 Qd7 46. Qd3 Qxd3+
47. Kxd3 Ne6 48. Ne7 Nd8 49. Ke4 Kg7 50. Nf5+ Kg6 51. Nh4+ Kg5 {(=)} 52. Nf3+
Kg6 53. Nxe5+ fxe5 54. Kxe5 Nb7 55. Ke6 a5 56. Kd7 axb4 57. axb4 Nxc5+ 58. Kxc6
Ne4 59. Kxb5 Kg5 60. Kc6 Nc3 61. b5 Na4 62. Kd5 Kh4 63. Ke5 Kxh3 64. Kf5 Kh4
65. Kg6 Kxg4 1/2-1/2

[Event "4NCL Division Three West"]
[Site "Daventry, ENG"]
[Date "2023.01.15"]
[Round "4.54"]
[White "Wills, Tom"]
[Black "Garnett, John S"]
[Result "1/2-1/2"]
[WhiteElo "2077"]
[BlackElo "1942"]
[PlyCount "99"]
[EventDate "2023.01.15"]
[WhiteTeam "Chessable White Rose 3"]
[BlackTeam "Ashfield 1"]

1. e4 d5 2. exd5 Nf6 3. Bb5+ Nbd7 4. c4 a6 5. Bxd7+ Qxd7 6. d3 c6 7. dxc6 Qxc6
8. Qf3 Qd6 9. Ne2 Bg4 10. Qxb7 Rd8 11. Qb3 e5 12. Be3 Bf5 13. d4 Ng4 14. d5 Rb8
15. Qa4+ Bd7 16. Qc2 Nxe3 17. fxe3 Qb6 18. O-O Qxe3+ 19. Kh1 Bc5 20. Nbc3 O-O
21. Rae1 Qh6 22. Ng1 f5 23. Rxe5 Bd6 24. Nf3 Bxe5 25. Nxe5 Qd6 26. Nd3 Rfc8 27.
c5 Rxc5 28. Nxc5 Qxc5 29. Qe2 Qd6 30. Rd1 Re8 31. Qd3 Qb6 32. Qd2 Rb8 33. b3
Rc8 34. h3 Qc7 35. Ne2 Qc2 36. Nd4 Qe4 37. Qa5 f4 38. Kh2 Qe3 39. Qe1 Re8 40.
Qxe3 Rxe3 41. Nf3 Kf7 42. Rd4 Re2 43. Rxf4+ Ke7 44. Rd4 Rxa2 45. Ne5 a5 46. d6+
Ke6 47. Nc4 Bc6 48. Nd2 a4 49. bxa4 Rxa4 50. Rxa4 1/2-1/2

[Event "4NCL Division Three West"]
[Site "Daventry, ENG"]
[Date "2023.01.15"]
[Round "4.55"]
[White "Flynn, David"]
[Black "Edwards-Wright, Miles D"]
[Result "1-0"]
[WhiteElo "1915"]
[BlackElo "2056"]
[PlyCount "49"]
[EventDate "2023.01.15"]
[WhiteTeam "Ashfield 1"]
[BlackTeam "Chessable White Rose 3"]

1. e4 g6 2. Nc3 Bg7 3. Bc4 c5 4. h4 h5 5. Qf3 e6 6. Nb5 d6 7. Qg3 Bf8 8. Qc3
Rh7 9. a4 a6 10. Na3 Bd7 11. Bb3 b5 12. Qg3 c4 13. Ba2 Nf6 14. d3 Be7 15. Nf3
d5 16. exd5 exd5 17. O-O Kf8 18. Bf4 Ne8 19. Rfe1 b4 20. Nb1 Qc8 21. dxc4 dxc4
22. Nbd2 b3 23. cxb3 c3 24. bxc3 Nc6 25. Nc4 1-0

[Event "4NCL Division Three West"]
[Site "Daventry, ENG"]
[Date "2023.01.15"]
[Round "4.64"]
[White "Newton, Robert A"]
[Black "Matthews, Adrian M S"]
[Result "1/2-1/2"]
[WhiteElo "1945"]
[BlackElo "1779"]
[PlyCount "84"]
[EventDate "2023.01.15"]
[WhiteTeam "Manchester Manticores"]
[BlackTeam "MK Phoenix 2"]

1. d4 Nf6 2. c4 c5 3. d5 b5 4. a4 bxc4 5. Nc3 d6 6. e4 g6 7. Bxc4 Bg7 8. a5 O-O
9. h3 Na6 10. Nf3 Nd7 11. Qe2 Nb4 12. O-O Ne5 13. Nxe5 Bxe5 14. Bh6 Bg7 15.
Bxg7 Kxg7 16. f4 Bd7 17. a6 Rb8 18. Rf2 Qb6 19. g4 Qc7 20. f5 Rb6 21. h4 Qb8
22. g5 f6 23. Raf1 Qc8 24. gxf6+ exf6 25. Rg2 Qe8 26. Qh5 g5 27. Qxe8 Rxe8 28.
hxg5 fxg5 29. Rxg5+ Kf6 30. Rg2 Rbb8 31. b3 Rg8 32. Rff2 h5 33. Kh2 Rbf8 34.
Rxg8 Rxg8 35. Rg2 Rxg2+ 36. Kxg2 Nc2 37. Bb5 Bc8 38. Be2 Nd4 39. Bc4 Bd7 40.
Ne2 Nc2 41. Kh2 Ne3 42. Nc3 Ke5 1/2-1/2

[Event "4NCL Division Three West"]
[Site "Daventry, ENG"]
[Date "2023.01.15"]
[Round "4.61"]
[White "Valentine, Brian J"]
[Black "Hamer, Martyn"]
[Result "1/2-1/2"]
[WhiteElo "1937"]
[BlackElo "2032"]
[PlyCount "45"]
[EventDate "2023.01.15"]
[WhiteTeam "MK Phoenix 2"]
[BlackTeam "Manchester Manticores"]

1. e4 e5 2. Nf3 Nc6 3. Bb5 a6 4. Ba4 d6 5. Bxc6+ bxc6 6. d4 exd4 7. Nxd4 Bd7 8.
Nc3 Nf6 9. Bg5 Be7 10. Qf3 O-O 11. O-O Re8 12. e5 Nd5 13. Bxe7 Nxe7 14. exd6
cxd6 15. Rad1 c5 16. Nb3 Qc7 17. Qf4 Nc8 18. Rfe1 Rxe1+ 19. Rxe1 Qb7 20. Re3
Be6 21. h3 Ne7 22. Qf3 Qxf3 23. Rxf3 1/2-1/2

[Event "4NCL Division Three West"]
[Site "Daventry, ENG"]
[Date "2023.01.15"]
[Round "4.62"]
[White "Mazek, Marek"]
[Black "Singleton, Luke"]
[Result "1-0"]
[WhiteElo "2006"]
[BlackElo "1825"]
[PlyCount "69"]
[EventDate "2023.01.15"]
[WhiteTeam "Manchester Manticores"]
[BlackTeam "MK Phoenix 2"]

1. d4 d5 2. c4 e6 3. Nc3 Nf6 4. cxd5 exd5 5. Bg5 Be7 6. Qc2 c6 7. e3 Be6 8. Bd3
Nbd7 9. Nge2 h6 10. Bh4 Bd6 11. f4 Nb6 12. O-O-O Nc4 13. Bxc4 dxc4 14. e4 Bxf4+
15. Nxf4 Bg4 16. Nfe2 Qa5 17. Kb1 O-O-O 18. h3 Bh5 19. Rdf1 Rd6 20. Nf4 Rxd4
21. Nxh5 Qxh5 22. Bxf6 gxf6 23. Rxf6 Rhd8 24. Rf2 b5 25. a3 a5 26. Rhf1 b4 27.
axb4 axb4 28. Rf5 Qh4 29. Qa4 Rd1+ 30. Rxd1 Rxd1+ 31. Nxd1 Qxe4+ 32. Qc2 Qd4
33. Rxf7 b3 34. Qf5+ Kb8 35. Qf4+ 1-0

[Event "4NCL Division Three West"]
[Site "Daventry, ENG"]
[Date "2023.01.15"]
[Round "4.63"]
[White "Whiteside, Robert"]
[Black "Webster, Richard J"]
[Result "1/2-1/2"]
[WhiteElo "1832"]
[BlackElo "1938"]
[PlyCount "39"]
[EventDate "2023.01.15"]
[WhiteTeam "MK Phoenix 2"]
[BlackTeam "Manchester Manticores"]

1. e4 c6 2. d4 d5 3. Nc3 dxe4 4. Nxe4 Nf6 5. Nxf6+ exf6 6. Bc4 Bd6 7. Be3 Qc7
8. Qh5 O-O 9. Ne2 Be6 10. Bd3 g6 11. Qh4 Nd7 12. O-O Rfe8 13. Bf4 Rad8 14. Bxd6
Qxd6 15. Qf4 Qxf4 16. Nxf4 Nf8 17. c3 Bc8 18. Rfe1 Ne6 19. Nxe6 Bxe6 20. Kf1
1/2-1/2

[Event "4NCL Division Three West"]
[Site "Daventry, ENG"]
[Date "2023.01.15"]
[Round "4.65"]
[White "Shaw, John S"]
[Black "Livesey, R Nigel"]
[Result "0-1"]
[WhiteElo "1681"]
[BlackElo "1818"]
[PlyCount "42"]
[EventDate "2023.01.15"]
[WhiteTeam "MK Phoenix 2"]
[BlackTeam "Manchester Manticores"]

1. d4 Nf6 2. Nc3 c5 3. d5 g6 4. e4 d6 5. Be2 Bg7 6. Be3 Na6 7. Qd2 Nc7 8. O-O-O
b5 9. f3 b4 10. Nb5 Bd7 11. Nxc7+ Qxc7 12. g4 Rb8 13. Bc4 Bb5 14. Qd3 Bxc4 15.
Qxc4 Nd7 16. f4 Qa5 17. Kb1 Nb6 18. Qe2 Na4 19. Bc1 Nc3+ 20. bxc3 bxc3+ 21. Ka1
Qb4 0-1

[Event "4NCL Division Three West"]
[Site "Daventry, ENG"]
[Date "2023.01.15"]
[Round "4.66"]
[White "Wilson, Jeff"]
[Black "Page, Michael"]
[Result "1/2-1/2"]
[WhiteElo "1460"]
[BlackElo "1506"]
[PlyCount "55"]
[EventDate "2023.01.15"]
[WhiteTeam "Manchester Manticores"]
[BlackTeam "MK Phoenix 2"]

1. e4 d5 2. exd5 Nf6 3. Bb5+ Bd7 4. Bc4 Bg4 5. f3 Bc8 6. Nc3 Nbd7 7. Nge2 Nb6
8. Bb5+ Bd7 9. Bxd7+ Qxd7 10. d3 Nfxd5 11. O-O O-O-O 12. a4 Nxc3 13. Nxc3 a6
14. Be3 Nd5 15. Nxd5 Qxd5 16. b4 Kb8 17. Qb1 e5 18. Rd1 f5 19. c4 Qe6 20. a5 f4
21. Bf2 g5 22. b5 Rg8 23. bxa6 Qxa6 24. Qb5 Qxb5 25. cxb5 g4 26. fxg4 Rxg4 27.
Kf1 Bd6 28. Ra4 1/2-1/2

[Event "4NCL Division Three West"]
[Site "Daventry, ENG"]
[Date "2023.02.04"]
[Round "5.11"]
[White "Pal, Rohan"]
[Black "Habershon, Paul F"]
[Result "0-1"]
[WhiteElo "2026"]
[BlackElo "1914"]
[PlyCount "114"]
[EventDate "2023.02.04"]
[WhiteTeam "Warwickshire Select 2"]
[BlackTeam "MK Phoenix 2"]

1. e4 Nf6 2. e5 Nd5 3. d4 d6 4. c4 Nb6 5. f4 dxe5 6. fxe5 g6 7. Nc3 Bg7 8. Be3
O-O 9. Be2 c5 10. dxc5 N6d7 11. e6 fxe6 12. Nf3 Qa5 13. O-O Nxc5 14. Nb5 Nbd7
15. Ng5 Bf6 16. Bg4 a6 17. b4 Qxb4 18. Nc7 Qa3 19. Bd4 e5 20. Nge6 exd4 21.
Nxf8 Ne5 22. Nfe6 Nxg4 23. Qxg4 Qe3+ 24. Kh1 Bxe6 25. Qd1 Bxc4 26. Re1 Qf4 27.
Nxa8 Be5 28. g3 Bd5+ 29. Kg1 Qf6 30. Nb6 Bf3 31. Rf1 Bxd1 32. Rxf6 Bxf6 33.
Rxd1 Kf7 34. Nd5 Bg7 35. Rc1 d3 36. Kf1 Bd4 37. Ke1 e5 38. Kd2 e4 39. Rc4 Bg1
40. Rc1 Bd4 41. Rc4 Bf2 42. Ne3 b6 43. Rb4 b5 44. Rb1 Ke6 45. Rf1 Bxe3+ 46.
Kxe3 Kd5 47. Rf7 a5 48. Rxh7 b4 49. Rg7 a4 50. Rxg6 b3 51. axb3 axb3 52. Rb6
Kc4 53. h4 Na4 54. Rb8 Nc3 55. h5 Nd5+ 56. Kf2 e3+ 57. Kf3 d2 0-1

[Event "4NCL Division Three West"]
[Site "Daventry, ENG"]
[Date "2023.02.04"]
[Round "5.12"]
[White "Singleton, Luke"]
[Black "Sandhu, Manvith"]
[Result "0-1"]
[WhiteElo "1823"]
[BlackElo "2001"]
[PlyCount "74"]
[EventDate "2023.02.04"]
[WhiteTeam "MK Phoenix 2"]
[BlackTeam "Warwickshire Select 2"]

1. e4 c5 2. Nc3 e6 3. f4 d5 4. exd5 exd5 5. Bb5+ Nc6 6. Qe2+ Be7 7. Nf3 Nf6 8.
Ne5 Bd7 9. Nxd7 Qxd7 10. O-O O-O 11. d3 Rfe8 12. Bd2 a6 13. Bxc6 Qxc6 14. Qf3
Bd6 15. Rae1 b5 16. Nd1 Qd7 17. Re2 Rxe2 18. Qxe2 Re8 19. Qf3 h6 20. Nf2 c4 21.
dxc4 Bc5 22. Re1 Ne4 23. Be3 Nxf2 24. Qxf2 Rxe3 25. Rxe3 Qa7 26. Kf1 Bxe3 27.
Qh4 dxc4 28. f5 Qd4 29. Qxd4 Bxd4 30. b3 cxb3 31. cxb3 Kf8 32. g4 Ke7 33. Ke2
Kf6 34. Kf3 Ke5 35. h3 Bc5 36. Kg3 Kd4 37. Kf4 Bd6+ 0-1

[Event "4NCL Division Three West"]
[Site "Daventry, ENG"]
[Date "2023.02.04"]
[Round "5.13"]
[White "Dicen, Elis Denele"]
[Black "Whiteside, Robert"]
[Result "1-0"]
[WhiteElo "1963"]
[BlackElo "1832"]
[PlyCount "41"]
[EventDate "2023.02.04"]
[WhiteTeam "Warwickshire Select 2"]
[BlackTeam "MK Phoenix 2"]

1. d4 Nf6 2. Bg5 e6 3. e4 h6 4. Bxf6 Qxf6 5. Nc3 Bb4 6. Qd2 c5 7. Nf3 cxd4 8.
Nxd4 Nc6 9. Ndb5 O-O 10. a3 Ba5 11. Nd6 Bc7 12. Nc4 Bf4 13. Ne3 Ne5 14. Be2 Qg5
15. O-O-O Bxe3 16. fxe3 a6 17. h4 Qg3 18. Rh3 Qxg2 19. Rhh1 Nf3 20. Qd6 Qf2 21.
Qf4 1-0

[Event "4NCL Division Three West"]
[Site "Daventry, ENG"]
[Date "2023.02.04"]
[Round "5.14"]
[White "Obi, Okwose Marc"]
[Black "Fellowes, Billy"]
[Result "1/2-1/2"]
[WhiteElo "1742"]
[BlackElo "1874"]
[PlyCount "64"]
[EventDate "2023.02.04"]
[WhiteTeam "MK Phoenix 2"]
[BlackTeam "Warwickshire Select 2"]

1. e4 Nc6 2. d4 d5 3. e5 Bf5 4. Ne2 e6 5. Ng3 Bg6 6. h4 h6 7. h5 Bh7 8. Bd3
Bxd3 9. Qxd3 Be7 10. O-O Qd7 11. c3 O-O-O 12. b4 f6 13. b5 Na5 14. Bf4 fxe5 15.
dxe5 Bc5 16. Nd2 Ne7 17. Nb3 Bb6 18. Be3 Nc4 19. Bxb6 cxb6 20. Nd4 Rhf8 21. f4
Rde8 22. a4 Rf7 23. Rf2 Kb8 24. Qe2 Qc8 25. Qg4 Ne3 26. Qxe6 Qxc3 27. Qxf7
Qxa1+ 28. Nf1 Rc8 29. Qxe7 Qxd4 30. Qd6+ Ka8 31. Qd7 Kb8 32. Qd6+ Ka8 1/2-1/2

[Event "4NCL Division Three West"]
[Site "Daventry, ENG"]
[Date "2023.02.04"]
[Round "5.15"]
[White "Cundy, Mark A"]
[Black "Shaw, John S"]
[Result "1-0"]
[WhiteElo "1861"]
[BlackElo "1681"]
[PlyCount "59"]
[EventDate "2023.02.04"]
[WhiteTeam "Warwickshire Select 2"]
[BlackTeam "MK Phoenix 2"]

1. e4 c5 2. Nf3 Nc6 3. Bb5 g6 4. O-O Bg7 5. c3 Nf6 6. Re1 O-O 7. d4 cxd4 8.
cxd4 d5 9. e5 Ne4 10. Nc3 Nxc3 11. bxc3 Bf5 12. Bd3 Bxd3 13. Qxd3 e6 14. Bg5
Qd7 15. Qe3 Ne7 16. Qf4 Rac8 17. Rac1 Rc7 18. Bf6 Rfc8 19. Re3 Nf5 20. Rd3 Qb5
21. Qd2 Qc4 22. g4 Nh6 23. h3 b5 24. Rd1 a5 25. Bg5 b4 26. cxb4 axb4 27. Bxh6
Ra8 28. Bxg7 Rxa2 29. Qh6 f5 30. exf6 1-0

[Event "4NCL Division Three West"]
[Site "Daventry, ENG"]
[Date "2023.02.04"]
[Round "5.16"]
[White "Page, Michael"]
[Black "Vaidyanathan, Adithya"]
[Result "0-1"]
[WhiteElo "1520"]
[BlackElo "1713"]
[PlyCount "50"]
[EventDate "2023.02.04"]
[WhiteTeam "MK Phoenix 2"]
[BlackTeam "Warwickshire Select 2"]

1. e4 c5 2. Be2 Nc6 3. d3 e6 4. f4 d5 5. Nf3 dxe4 6. dxe4 Qxd1+ 7. Bxd1 b6 8.
O-O Bb7 9. c3 Nf6 10. Nfd2 Ne7 11. Bf3 Rb8 12. Re1 Ng6 13. g3 h5 14. h4 Rd8 15.
e5 Bxf3 16. Nxf3 Ng4 17. Kg2 Ne7 18. c4 Nf5 19. Re2 Rd3 20. Ne1 Rxg3+ 21. Kf1
Rh3 22. Kg1 Nd4 23. Rg2 Be7 24. Nc3 Bxh4 25. Bd2 Bxe1 0-1

[Event "4NCL Division Three West"]
[Site "Daventry, ENG"]
[Date "2023.02.04"]
[Round "5.21"]
[White "Baker, Chris W"]
[Black "Dasgupta, Avyukt"]
[Result "1-0"]
[WhiteElo "2243"]
[BlackElo "2011"]
[PlyCount "104"]
[EventDate "2023.02.04"]
[WhiteTeam "Warwickshire Select 1"]
[BlackTeam "Barnet Knights B"]

1. c4 e5 2. Nc3 Nc6 3. g3 d6 4. Bg2 Be6 5. d3 g6 6. b4 Qc8 7. b5 Nce7 8. Bd2
Bg7 9. Nd5 Bxd5 10. cxd5 Nf6 11. Qb3 Nd7 12. Rc1 Nc5 13. Qc4 a6 14. Nf3 O-O 15.
b6 cxb6 16. O-O Qd7 17. Ng5 h6 18. Ne4 Rac8 19. Nc3 b5 20. Qh4 g5 21. Qh5 f5
22. h4 g4 23. Bxh6 Rf6 24. Bxg7 Rg6 25. Bh8 Rf8 26. d4 Rf7 27. dxc5 Rh7 28. c6
Qc7 29. Qxg6+ Nxg6 30. Bf6 Rf7 31. Bg5 Ne7 {(=)} 32. Bd2 e4 33. a3 bxc6 34.
dxc6 Qxc6 35. Nxe4 Qb6 36. Be3 Qd8 37. Ng5 Rf6 38. Bd4 Rg6 39. Rfd1 Qa5 40. Rd3
b4 41. axb4 Qxb4 42. Rc7 Kf8 43. Nh7+ Ke8 44. Nf6+ Kf8 45. Kh2 Qb5 46. Nh7+ Ke8
47. Re3 Kd8 48. Rexe7 f4 49. Red7+ Ke8 50. Nf6+ Rxf6 51. Bxf6 fxg3+ 52. fxg3
Qxd7 1-0